000 01236cam a22002535a 4500
001 L150826
008 100907s2009 xxk f 000 0 eng d
020 _a9781405111799
035 _a(Sirsi) u150826
041 0 _aeng
050 0 4 _a333.33 $2 18
100 1 _aDubben, Nigel
245 0 0 _aPartnerships in urban property development
260 _aOxford
_bWiley-Blackwell
_c2009
300 _axi, 254p.
_c25cm.
505 2 _aThe public and private sectors -- The property development process -- Partnership negotiations using property development appraisal techniques -- The private finance initiative -- Public-private partnerships in the urban development experience of Dublin -- Property funding partnerships -- Development partnerships and landowners -- International trends in public-private partnerships -- Economic background and future trends.
520 _aLooks at partnerships in property development, focusing on the relationships between developers and landowners, developers and funders, and the use of private finance to provide public services.
521 _aAdvanced
590 _aKA
651 4 _aUnited Kingdom
690 _aPROPERTY-PROPERTY DEVELOPMENT
700 1 _aWilliams, Brendan
942 _n0
999 _c110994
_d110994